| 000 | 00785nam a2200241Ia 4500 | ||
|---|---|---|---|
| 003 | GCL | ||
| 008 | 140319s9999 xx 000 0 ara d | ||
| 020 | _a078166977 | ||
| 040 |
_aGCL / _cGCL |
||
| 082 | 0 | 4 |
_a272.6 _bب ت |
| 100 | 1 | _aصموئيل حبيب | |
| 245 | 1 | 0 |
_aتفسير العهد الجديد : الرسالة الى العبرانيين / _cصموئيل حبيب |
| 700 | 1 | _aبطرس عبدالملك | |
| 700 | 1 | _aجرجس هابيل (مترجم) | |
| 700 | 1 | _aباركلى ،وليم | |
| 250 | _aالثانية | ||
| 260 |
_a[S.N] : _bدار الثقافة العربية ، _c1987 |
||
| 300 |
_a293ص ؛ _c24سم |
||
| 490 |
_aتفسير العهد الجديد _v0 |
||
| 650 | 0 | 4 | _aالعهد الجديد |
| 650 | 0 | 4 | _aالانجيل |
| 942 |
_2ddc _cBK |
||
| 999 |
_c53779 _d53779 |
||